00472nam a2200157Ia 4500082001200000100002500012245005900037260002900096300000800125650002500133650003700158650002800195650003600223650003500259710002000294 aTB.0027 aBhargava, Shivganesh 0aDevelopmental trends in prediction of life performance c1983bGujarat University a137 aAcademic Achievement aPrediction of scholistic success aMotivation (Psychology) aPrognosis of scholistic success aPersonnel service in education aSingh, Ramabhar